[Event "2017CICC"]
[Site "Calgary Alberta"]
[Date "2017.08.06"]
[Round "8.8"]
[White "Kostadinov, Georgi"]
[Black "Zhang, Yuanchen"]
[Result "1-0"]
[WhiteElo "1997"]
[BlackElo "2272"]
[PlyCount "73"]
[EventDate "2017.08.??"]
[SourceDate "2017.09.01"]

1. d4 Nf6 2. c4 e6 3. g3 d5 4. Nf3 dxc4 5. Bg2 Bd7 6. Ne5 Bc6 7. Nxc6 Nxc6 8.
Qa4 Qd7 9. e3 Nd5 10. Qxc4 O-O-O 11. Nc3 h5 12. h4 Kb8 13. a3 Be7 14. b4 Ne5
15. Qb3 Ng4 16. Bd2 f5 17. Rc1 g5 18. hxg5 Bxg5 19. Ke2 h4 20. Nxd5 exd5 21.
Rc5 Nxf2 22. Kxf2 hxg3+ 23. Ke2 Rxh1 24. Bxh1 Qh7 25. Bg2 c6 26. b5 Be7 27. Rc1
cxb5 28. Qxb5 Bxa3 29. Ra1 Qh5+ 30. Kf1 a6 31. Qe2 Qxe2+ 32. Kxe2 Be7 33. Ra5
Bf6 34. Rxd5 Rxd5 35. Bxd5 f4 36. Be1 Bh4 37. exf4 1-0

[Event "2017CICC"]
[Site "Calgary Alberta"]
[Date "2017.08.06"]
[Round "8.9"]
[White "Gold, Itohan"]
[Black "Willis, Brad"]
[Result "0-1"]
[WhiteElo "1988"]
[BlackElo "1991"]
[PlyCount "70"]
[EventDate "2017.08.??"]
[SourceDate "2017.09.01"]

1. e4 e5 2. Nf3 Nc6 3. d4 exd4 4. Nxd4 Bb4+ 5. c3 Bc5 6. Be3 Bb6 7. Bc4 d6 8.
Nd2 Nf6 9. f3 O-O 10. O-O Re8 11. Re1 Ne5 12. Bf1 d5 13. Bg5 Nc6 14. Bxf6 Qxf6
15. exd5 Bxd4+ 16. cxd4 Qxd4+ 17. Kh1 Ne5 18. Nc4 Qf4 19. g3 Qf6 20. f4 Bg4 21.
fxe5 Bxd1 22. exf6 Rxe1 23. Kg1 Rae8 24. d6 cxd6 25. Nxd6 Bg4 26. Nxe8 Rxa1 27.
Kf2 Rxa2 28. fxg7 Rxb2+ 29. Ke3 Be6 30. h4 f5 31. Kf4 Bf7 32. Nd6 Kxg7 33.
Nxf5+ Kf6 34. Bh3 Rf2+ 35. Ke4 Bg6 0-1

[Event "2017CICC"]
[Site "Calgary Alberta"]
[Date "2017.08.06"]
[Round "8.10"]
[White "Ebrahim-Shirazi, Behrooz"]
[Black "Findlay, Ian"]
[Result "1/2-1/2"]
[WhiteElo "2037"]
[BlackElo "2226"]
[PlyCount "73"]
[EventDate "2017.08.??"]
[SourceDate "2017.09.01"]

1. d4 Nf6 2. c4 c5 3. d5 e6 4. Nc3 exd5 5. cxd5 d6 6. Nf3 g6 7. g3 Bg7 8. Bg2
O-O 9. O-O a6 10. a4 Nbd7 11. Nd2 Re8 12. h3 Rb8 13. Nc4 Ne5 14. Na3 Nh5 15.
Kh2 Bd7 16. f4 b5 17. axb5 axb5 18. Ne4 b4 19. Nxd6 bxa3 20. Rxa3 Rf8 21. fxe5
Bxe5 22. Nc4 Bd4 23. Bh6 Re8 24. b3 Bb5 25. e4 Bxc4 26. bxc4 Rb2 27. Qf3 Qd7
28. Be3 Be5 29. Bf2 Reb8 30. Kg1 Rxf2 31. Rxf2 Nxg3 32. Bf1 Nh5 33. Kh1 Qe7 34.
Qg4 Bd4 35. Re2 Rb1 36. Rf3 Be5 37. Kg2 1/2-1/2

[Event "2017CICC"]
[Site "Calgary Alberta"]
[Date "2017.08.06"]
[Round "8.11"]
[White "Booker, Brad"]
[Black "Timmerman, Brian"]
[Result "0-1"]
[WhiteElo "2114"]
[BlackElo "1615"]
[PlyCount "88"]
[EventDate "2017.08.??"]
[SourceDate "2017.09.01"]

1. e4 c5 2. Nc3 e6 3. f4 Nc6 4. Nf3 Nge7 5. d3 d5 6. Bd2 g6 7. g3 Bg7 8. Bg2
O-O 9. O-O a6 10. h3 b5 11. Rb1 Rb8 12. Ne2 b4 13. g4 a5 14. Ng3 f5 15. gxf5
exf5 16. e5 Qb6 17. Kh2 Nd8 18. Qe1 Ne6 19. Ne2 Ba6 20. h4 a4 21. b3 axb3 22.
axb3 Bb5 23. h5 Rfd8 24. Qh4 Qc7 25. Rg1 Ra8 26. Ng3 Ra2 27. Rbc1 Rda8 28. Bh3
Kf7 29. h6 Bh8 30. Rg2 Ra1 31. Rxa1 Rxa1 32. d4 Ra2 33. dxc5 Qxc5 34. Bxf5 Nxf5
35. Nxf5 gxf5 36. Qh5+ Ke7 37. Qxf5 Nf8 38. Rg7+ Bxg7 39. hxg7 Qf2+ 40. Kh3
Qxf3+ 41. Kh4 Qf2+ 42. Kh3 Bf1+ 43. Kg4 Qg2+ 44. Kh5 Qh2+ 0-1

[Event "2017CICC"]
[Site "Calgary Alberta"]
[Date "2017.08.06"]
[Round "8.12"]
[White "Zhao, Ian"]
[Black "Perron, Sean"]
[Result "0-1"]
[WhiteElo "1844"]
[BlackElo "2080"]
[PlyCount "122"]
[EventDate "2017.08.??"]
[SourceDate "2017.09.01"]

1. e4 e6 2. d3 d5 3. Nd2 c5 4. Ngf3 Nc6 5. g3 g6 6. Bg2 Bg7 7. O-O Nge7 8. c3
b6 9. Re1 a5 10. a4 Ba6 11. Nb3 h6 12. h4 Ra7 13. e5 Qb8 14. Bf4 g5 15. hxg5
hxg5 16. Bxg5 Nxe5 17. Nxe5 Bxe5 18. d4 Bd6 19. Qf3 Qc7 20. Bf6 Rg8 21. Re3 Bb7
22. Qh5 Rg6 23. Be5 Bc6 24. Bxd6 Qxd6 25. Qe5 Kd7 26. Bh3 Qxe5 27. Rxe5 Kd6 28.
Nd2 cxd4 29. cxd4 Bd7 30. Re3 Rh6 31. Kg2 Rc7 32. Rc3 Rh8 33. Rxc7 Kxc7 34.
Rc1+ Kd6 35. b3 Nc6 36. Nf3 f6 37. Rd1 Re8 38. Kf1 Bc8 39. Ne1 Rh8 40. Bg2 Ba6+
41. Kg1 Nb4 42. Rc1 Rc8 43. Rxc8 Bxc8 44. f4 Bd7 45. Bf1 Be8 46. Be2 Bg6 47.
Kf2 Bc2 48. Ke3 Bxb3 49. Bb5 Bd1 50. Kd2 Bh5 51. Nc2 Nxc2 52. Kxc2 Bg4 53. Kd2
e5 54. fxe5+ fxe5 55. Ke3 e4 56. Kf4 Bd7 57. Bxd7 Kxd7 58. g4 Ke6 59. Ke3 Kf6
60. Kf4 Kg6 61. g5 e3 0-1

[Event "2017CICC"]
[Site "Calgary Alberta"]
[Date "2017.08.06"]
[Round "8.13"]
[White "Garcia Franco, Juan Carlos"]
[Black "Dave, Bhavik"]
[Result "0-1"]
[WhiteElo "1842"]
[BlackElo "1771"]
[PlyCount "150"]
[EventDate "2017.08.??"]
[SourceDate "2017.09.01"]

1. Nf3 Nf6 2. c4 g6 3. b4 Bg7 4. Bb2 b6 5. g3 Bb7 6. Bg2 d6 7. O-O e5 8. d3 O-O
9. Nbd2 a5 10. a3 Qe7 11. Qc2 Nc6 12. bxa5 Rxa5 13. Nb3 Raa8 14. Nfd2 Nd7 15.
e3 Nc5 16. Ra2 Nxb3 17. Qxb3 Na5 18. Qb5 Bxg2 19. Kxg2 Nb7 20. Nb3 Nc5 21. Rd1
Na4 22. Ba1 e4 23. d4 Qf6 24. Nd2 Qe7 25. Qc6 f5 26. Rb1 Rfd8 27. f3 exf3+ 28.
Qxf3 Re8 29. Kf2 c5 30. Nb3 Qf7 31. Nd2 Bh6 32. Rb3 b5 33. Qd5 Qxd5 34. cxd5 c4
35. Rxb5 Bxe3+ 36. Kf3 c3 37. Nb3 Bh6 38. Rc2 Reb8 39. Rb4 Rc8 40. Rb7 Rcb8 41.
Rb4 Re8 42. Kf2 Re3 43. Rc4 Nb6 44. R4xc3 Nxd5 45. Rxe3 Bxe3+ 46. Kf3 Rxa3 47.
Rc8+ Kf7 48. Rb8 Bg5 49. Bb2 Ra4 50. h4 Be7 51. Rb7 Rb4 52. Rxb4 Nxb4 53. Bc3
Nc2 54. Kf4 Ke6 55. Na1 Na3 56. Ke3 Kd5 57. Kd3 Nb5 58. Bb2 Nc7 59. Nc2 Ne8 60.
Nb4+ Ke6 61. d5+ Kf7 62. Kc4 Bf6 63. Bd4 h6 64. Be3 g5 65. hxg5 hxg5 66. Kb5
Kg6 67. Kc6 Be5 68. Bf2 Nf6 69. Nd3 Ng4 70. Nxe5+ dxe5 71. Be1 f4 72. gxf4 exf4
73. d6 Ne5+ 74. Kd5 Kf5 75. Bf2 g4 0-1

[Event "2017CICC"]
[Site "Calgary Alberta"]
[Date "2017.08.06"]
[Round "8.16"]
[White "Sklenka, Steve"]
[Black "Gashgarian, Rob"]
[Result "0-1"]
[WhiteElo "1533"]
[BlackElo "1679"]
[PlyCount "86"]
[EventDate "2017.08.??"]
[SourceDate "2017.09.01"]

1. c4 e5 2. g3 Nf6 3. Bg2 Bc5 4. e3 Nc6 5. Ne2 O-O 6. O-O d5 7. cxd5 Nxd5 8.
Nbc3 Be6 9. d4 exd4 10. exd4 Bb6 11. Na4 Qd7 12. Nxb6 axb6 13. Re1 Rfd8 14. Bg5
f6 15. Be3 Nce7 16. a3 Nf5 17. Bf4 c6 18. Qc2 Nxf4 19. Nxf4 Nxd4 20. Qc3 Bf7
21. Rad1 c5 22. Bh3 Qc6 23. Bg2 Qc7 24. Rd3 Rd6 25. Rde3 Nc6 26. Ne6 Qd7 27.
Bh3 Rd1 28. Nf4 Rxe1+ 29. Qxe1 Qd6 30. Bg2 Rd8 31. Rd3 Nd4 32. Bxb7 g5 33. Ng2
Ne2+ 34. Qxe2 Qxd3 35. Qxd3 Rxd3 36. Ne3 Rd2 37. b4 cxb4 38. axb4 Rb2 39. Nd5
Bxd5 40. Bxd5+ Kf8 41. Kf1 Rxb4 42. Ke2 Ke7 43. f3 Rb2+ 0-1

[Event "2017CICC"]
[Site "Calgary Alberta"]
[Date "2017.08.07"]
[Round "9.1"]
[White "Mikhalevski, Victor"]
[Black "Haessel, Dale"]
[Result "1-0"]
[WhiteElo "2533"]
[BlackElo "2205"]
[PlyCount "67"]
[EventDate "2017.08.??"]
[SourceDate "2017.09.01"]

1. d4 Nf6 2. c4 g6 3. g3 c6 4. Bg2 d5 5. Qa4 Bg7 6. cxd5 Nxd5 7. Nf3 Bg4 8. e3
O-O 9. O-O Nd7 10. h3 Bf5 11. Re1 N5b6 12. Qd1 e5 13. Nc3 f6 14. Qb3+ Rf7 15.
a4 Qe7 16. a5 Be6 17. Qd1 Nd5 18. e4 Nxc3 19. bxc3 Bc4 20. Ba3 Qe6 21. d5 cxd5
22. exd5 Qa6 23. Bb4 Rc8 24. h4 Qb5 25. Nd2 Bd3 26. Ne4 Bxe4 27. Rxe4 Nc5 28.
Re3 f5 29. d6 Kh8 30. Qd5 Rd7 31. Rxe5 Bxe5 32. Qxe5+ Rg7 33. d7 Qxd7 34. Bxc5
1-0

[Event "2017CICC"]
[Site "Calgary Alberta"]
[Date "2017.08.07"]
[Round "9.2"]
[White "Becerra, Julio"]
[Black "Sambuev, Bator"]
[Result "1/2-1/2"]
[WhiteElo "2539"]
[BlackElo "2522"]
[PlyCount "96"]
[EventDate "2017.08.??"]
[SourceDate "2017.09.01"]

1. e4 e6 2. d4 d5 3. Nc3 Bb4 4. e5 c5 5. a3 Bxc3+ 6. bxc3 Ne7 7. h4 Nbc6 8. h5
h6 9. Nf3 Qa5 10. Bd2 Qa4 11. Rh4 c4 12. Rg4 Rg8 13. Qb1 Bd7 14. Rf4 O-O-O 15.
Qb2 Rdf8 16. Rb1 b6 17. g4 f6 18. Bh3 fxe5 19. Nxe5 Nxe5 20. dxe5 Nc6 21. Rxf8+
Rxf8 22. f4 Qa5 23. Ke2 d4 24. cxd4 Qd5 25. Be3 Qe4 26. Rg1 Ne7 27. Bg2 Qh7 28.
Qc3 Kb8 29. Qxc4 g6 30. Be4 Qf7 31. hxg6 Nxg6 32. f5 Ne7 33. f6 Nd5 34. Bd2 Rc8
35. Qb3 Bc6 36. Bd3 Qd7 37. Rf1 Nc7 38. Qb4 Nb5 39. c3 Qd5 40. f7 a5 41. Qe7
Qg2+ 42. Rf2 Qxg4+ 43. Ke1 Qg1+ 44. Bf1 Qg6 45. Re2 Qg3+ 46. Rf2 Qg6 47. Rf4
Qg3+ 48. Rf2 Qg6 1/2-1/2

[Event "2017CICC"]
[Site "Calgary Alberta"]
[Date "2017.08.07"]
[Round "9.3"]
[White "Matras-Clement, Agnieszka"]
[Black "Gareyev, Timur"]
[Result "0-1"]
[WhiteElo "2230"]
[BlackElo "2620"]
[PlyCount "84"]
[EventDate "2017.08.??"]
[SourceDate "2017.09.01"]

1. e4 g6 2. d4 Bg7 3. Nc3 d6 4. Be3 Nd7 5. Qd2 a6 6. O-O-O b5 7. f3 Bb7 8. h4
h5 9. Nh3 c5 10. Kb1 Rc8 11. Ng5 cxd4 12. Bxd4 Ngf6 13. Bd3 O-O 14. Nd5 Ne5 15.
Nxf6+ exf6 16. Nh3 d5 17. Nf2 Qc7 18. exd5 Rfd8 19. Be4 f5 20. d6 Rxd6 21. Bxb7
Rxd4 22. Qxd4 Qxc2+ 23. Ka1 Nd3 24. Nxd3 Bxd4 25. Bxc8 Qxc8 26. Rc1 Qd8 27. Nb4
Qd6 28. Nc6 Bf6 29. Kb1 Qf4 30. Rcd1 Qg3 31. Rd2 Bxh4 32. a3 Bg5 33. Rc2 Qd6
34. Re1 Kg7 35. Ree2 h4 36. Re1 Bf6 37. Nb4 a5 38. Na2 Qg3 39. Rh1 Qd6 40. Nc1
Qd5 41. Re2 Bg5 42. Rf2 b4 0-1

[Event "2017CICC"]
[Site "Calgary Alberta"]
[Date "2017.08.07"]
[Round "9.5"]
[White "Niemann, Hans Moke"]
[Black "Cao, Jason"]
[Result "1/2-1/2"]
[WhiteElo "2254"]
[BlackElo "2328"]
[PlyCount "70"]
[EventDate "2017.08.??"]
[SourceDate "2017.09.01"]

1. d4 Nf6 2. c4 e6 3. Nc3 Bb4 4. Bg5 h6 5. Bh4 b6 6. f3 c5 7. d5 O-O 8. e4 Re8
9. Nge2 exd5 10. cxd5 d6 11. a3 Ba5 12. Bf2 Nbd7 13. Rb1 c4 14. Ng3 b5 15. Be2
Qc7 16. O-O Rb8 17. b4 Bb6 18. Nf5 Bxf2+ 19. Rxf2 Ne5 20. Nd4 Bd7 21. Nc2 Rec8
22. Qd4 a5 23. Ne3 Ra8 24. Rff1 axb4 25. axb4 Qa7 26. Qxa7 Rxa7 27. Nc2 Ne8 28.
Ra1 Rca8 29. Rxa7 Rxa7 30. Ra1 Rxa1+ 31. Nxa1 Nc7 32. Nc2 f5 33. Kf2 fxe4 34.
fxe4 Kf7 35. Nd4 Kf6 1/2-1/2

[Event "2017CICC"]
[Site "Calgary Alberta"]
[Date "2017.08.07"]
[Round "9.6"]
[White "Willis, Brad"]
[Black "Foisor, Sabina-Francesca"]
[Result "0-1"]
[WhiteElo "1991"]
[BlackElo "2358"]
[PlyCount "50"]
[EventDate "2017.08.??"]
[SourceDate "2017.09.01"]

1. d4 d5 2. Nf3 Nf6 3. g3 e6 4. c4 Be7 5. Bg2 O-O 6. O-O c6 7. Nbd2 b6 8. b3 a5
9. Qc2 Na6 10. Bb2 Bb7 11. Ne5 c5 12. Qc3 Rc8 13. Rad1 Qc7 14. Rfe1 Nb4 15. Qf3
cxd4 16. Nd3 e5 17. Nc1 Qd7 18. g4 Nxg4 19. h3 Nf6 20. h4 Rc7 21. Qg3 Qd6 22.
e4 dxe4 23. Nxe4 Nxe4 24. Bxe4 Bxe4 25. Rxe4 f5 0-1

[Event "2017CICC"]
[Site "Calgary Alberta"]
[Date "2017.08.07"]
[Round "9.8"]
[White "Zhang, Yuanchen"]
[Black "Perron, Sean"]
[Result "1/2-1/2"]
[WhiteElo "2272"]
[BlackElo "2080"]
[PlyCount "53"]
[EventDate "2017.08.??"]
[SourceDate "2017.09.01"]

1. d4 e6 2. c4 f5 3. g3 Nf6 4. Bg2 Be7 5. Nf3 O-O 6. O-O d6 7. Nc3 Qe8 8. Qc2
Qh5 9. e4 e5 10. dxe5 dxe5 11. Nd5 Nxd5 12. cxd5 Bd6 13. exf5 Bxf5 14. Qc3 Nd7
15. Ng5 Nf6 16. h3 h6 17. g4 Nxg4 18. hxg4 Bxg4 19. Ne4 Bf3 20. Ng3 Qg4 21. Re1
e4 22. Rxe4 Bxe4 23. Nxe4 Qd1+ 24. Bf1 Qg4+ 25. Bg2 Qd1+ 26. Bf1 Qg4+ 27. Bg2
1/2-1/2

[Event "2017CICC"]
[Site "Calgary Alberta"]
[Date "2017.08.07"]
[Round "9.9"]
[White "Timmerman, Brian"]
[Black "Malek, Omid"]
[Result "1-0"]
[WhiteElo "1615"]
[BlackElo "2090"]
[PlyCount "25"]
[EventDate "2017.08.??"]
[SourceDate "2017.09.01"]

1. e4 e6 2. d4 d5 3. Nc3 Nc6 4. Nf3 Nf6 5. Bd3 Bb4 6. O-O Bxc3 7. exd5 Nxd4 8.
bxc3 Nxf3+ 9. Qxf3 Qxd5 10. Qg3 Qc6 11. a4 O-O 12. Ba3 Qxc3 13. Bxh7+ 1-0

[Event "2017CICC"]
[Site "Calgary Alberta"]
[Date "2017.08.07"]
[Round "9.10"]
[White "Findlay, Ian"]
[Black "Booker, Brad"]
[Result "1-0"]
[WhiteElo "2226"]
[BlackElo "2114"]
[PlyCount "81"]
[EventDate "2017.08.??"]
[SourceDate "2017.09.01"]

1. e4 c6 2. d4 d5 3. Nc3 dxe4 4. Nxe4 Bf5 5. Ng3 Bg6 6. h4 h6 7. Nf3 Nd7 8. h5
Bh7 9. Bd3 Bxd3 10. Qxd3 e6 11. Bd2 Qc7 12. O-O-O O-O-O 13. c4 Ngf6 14. Bc3 Bd6
15. Ne4 Nxe4 16. Qxe4 Nf6 17. Qe2 c5 18. Kb1 Rhe8 19. Ne5 Re7 20. f4 Ne8 21.
dxc5 Qxc5 22. b4 Qc7 23. c5 Bxe5 24. Bxe5 Qc6 25. b5 Qxc5 26. Rc1 Rc7 27. Rxc5
Rxc5 28. Rc1 Rdd5 29. Rxc5+ Rxc5 30. Bd4 Rd5 31. Bxg7 Nd6 32. a4 Kd7 33. Bf8
Ne8 34. Kc2 Nf6 35. Qc4 Ne8 36. g4 Kd8 37. a5 Rd7 38. Kb3 Nf6 39. a6 bxa6 40.
bxa6 Nd5 41. Qc6 1-0

[Event "2017CICC"]
[Site "Calgary Alberta"]
[Date "2017.08.07"]
[Round "9.12"]
[White "Chandra, Anand"]
[Black "Sharma, Vishruth"]
[Result "1-0"]
[WhiteElo "1682"]
[BlackElo "1454"]
[PlyCount "61"]
[EventDate "2017.08.??"]
[SourceDate "2017.09.01"]

1. e4 c5 2. Nf3 d6 3. Bb5+ Bd7 4. Bxd7+ Nxd7 5. O-O Ngf6 6. Re1 e6 7. c3 Be7 8.
d4 cxd4 9. cxd4 O-O 10. Nc3 Nb6 11. h3 d5 12. e5 Nfd7 13. Qd3 h6 14. Nh2 Re8
15. f4 Nf8 16. Kh1 f6 17. g4 fxe5 18. fxe5 Bg5 19. Nf3 Nh7 20. Nb5 Rf8 21. Nxg5
Nxg5 22. Bxg5 hxg5 23. Kg2 Nc8 24. Rac1 Rf7 25. Rf1 Re7 26. Nc3 Rc7 27. Qg6 Qe7
28. Rf6 Rc6 29. Rcf1 Qb4 30. Qe8+ Kh7 31. Rh6+ 1-0

[Event "2017CICC"]
[Site "Calgary Alberta"]
[Date "2017.08.07"]
[Round "9.13"]
[White "Gashgarian, Rob"]
[Black "Zhao, Ian"]
[Result "1/2-1/2"]
[WhiteElo "1679"]
[BlackElo "1844"]
[PlyCount "118"]
[EventDate "2017.08.??"]
[SourceDate "2017.09.01"]

1. d4 Nf6 2. c4 g6 3. Nc3 Bg7 4. e4 d6 5. Be2 O-O 6. Bg5 Na6 7. Qd2 e5 8. d5
Qe8 9. f3 h5 10. h4 Bd7 11. Nh3 Nh7 12. Be3 Nc5 13. Nf2 f5 14. exf5 gxf5 15. f4
e4 16. O-O-O a6 17. Rh3 Nf6 18. Rg3 Ng4 19. Nh3 b5 20. Re1 b4 21. Nd1 a5 22.
Ng5 Bc8 23. Kb1 Qg6 24. Bg1 Qf6 25. Ne3 Rb8 26. Nxg4 hxg4 27. Rd1 Bd7 28. Bd4
Qh6 29. Rh1 a4 30. Bxg7 Kxg7 31. Qd4+ Rf6 32. Re3 Kf8 33. g3 Ke7 34. Re1 Qh8
35. Bd1 Rff8 36. Qd2 Kf6 37. Be2 Kg6 38. Rh1 Kh6 39. Rd1 Qf6 40. Re1 Bc8 41.
Rd1 Ba6 42. Rc1 Rb6 43. Bf1 Rfb8 44. Be2 a3 45. b3 Rd8 46. Rd1 Re8 47. Qd4 Qxd4
48. Rxd4 Bc8 49. Rd2 Rb8 50. Kc2 Re7 51. Rd4 Bd7 52. Rd1 Rd8 53. Rd4 Bc8 54.
Kd2 Bb7 55. Bf1 Kg6 56. Be2 c6 57. Kc2 Rdd7 58. Kd2 Rd8 59. Bf1 Red7 1/2-1/2

[Event "2017CICC"]
[Site "Calgary Alberta"]
[Date "2017.08.07"]
[Round "9.14"]
[White "Garcia Franco, Juan Carlos"]
[Black "Sklenka, Steve"]
[Result "0-1"]
[WhiteElo "1842"]
[BlackElo "1533"]
[PlyCount "56"]
[EventDate "2017.08.??"]
[SourceDate "2017.09.01"]

1. Nf3 Nf6 2. c4 c5 3. g3 g6 4. Bg2 Bg7 5. O-O O-O 6. d3 Nc6 7. Nbd2 d6 8. Rb1
Rb8 9. a3 b5 10. cxb5 Rxb5 11. Qa4 Qa5 12. Qd1 d5 13. b3 Bf5 14. Bb2 Rfb8 15.
Re1 Qa6 16. e4 dxe4 17. dxe4 Bg4 18. a4 R5b6 19. Qc2 Nb4 20. Qxc5 Nd3 21. Qxe7
Nxe1 22. Nxe1 Qe2 23. e5 Bf8 24. Qxa7 Bc5 25. Nef3 Qxf2+ 26. Kh1 Bxf3 27. Nxf3
Ne4 28. Qd7 Qg1+ 0-1

[Event "10th Calgary International"]
[Site "Calgary"]
[Date "2017.08.04"]
[Round "4"]
[White "Mikhalevski, Victor"]
[Black "Gareyev, Timur"]
[Result "1/2-1/2"]
[WhiteElo "2533"]
[BlackElo "2620"]
[PlyCount "53"]
[EventDate "2017.08.02"]
[EventType "swiss"]
[EventRounds "9"]
[EventCountry "CAN"]
[SourceDate "2017.09.01"]

1. d4 Nf6 2. c4 e6 3. Nf3 b6 4. g3 Ba6 5. Qa4 Bb7 6. Bg2 c5 7. dxc5 Bxc5 8. O-O
O-O 9. Nc3 Na6 10. Bf4 Be7 11. Rfd1 Nc5 12. Qc2 Nce4 13. Ne5 Nxc3 14. Bxb7 Nxd1
15. Rxd1 d5 16. cxd5 exd5 17. Qf5 g6 18. Qh3 Qb8 19. Bxa8 Qxa8 20. Rc1 Re8 21.
Rc7 d4 22. Nc6 Bc5 23. Be5 Nd5 24. Rxf7 Kxf7 25. Qxh7+ Ke6 26. Qh3+ Kf7 27.
Qh7+ 1/2-1/2

[Event "2017CICC"]
[Site "Calgary Alberta"]
[Date "2017.08.03"]
[Round "2.6"]
[White "Yoo, Christopher"]
[Black "Preotu, Razvan"]
[Result "1-0"]
[WhiteElo "2242"]
[BlackElo "2501"]
[PlyCount "71"]
[EventDate "2017.08.??"]
[SourceDate "2017.09.01"]

1. e4 c5 2. Nf3 d6 3. d4 cxd4 4. Nxd4 Nf6 5. Nc3 a6 6. f3 e6 7. Be3 b5 8. Qd2
b4 9. Na4 Nbd7 10. O-O-O Qa5 11. b3 Bb7 12. a3 Qc7 13. axb4 d5 14. Bf2 dxe4 15.
Bg3 Qc8 16. Bc4 Bd5 17. Bxd5 Nxd5 18. Nf5 N7f6 19. Nd6+ Bxd6 20. Bxd6 Qc6 21.
Bc5 exf3 22. c4 Ne7 23. gxf3 Nf5 24. Nb6 Rb8 25. Rhe1 a5 26. Re5 Nh4 27. b5 Qc7
28. Qf4 Rb7 29. Bd6 Qxb6 30. Qxh4 Qd8 31. c5 Rxb5 32. Qc4 Rb4 33. Rxe6+ Kd7 34.
c6+ Kc8 35. Qa6+ Rb7 36. Qxb7# {A nice game!} 1-0

[Event "2017 Alberta Open"]
[Site "?"]
[Date "2017.10.08"]
[Round "4"]
[White "Zhao, Ian"]
[Black "Chandra, Anand Rishi"]
[Result "1/2-1/2"]
[WhiteElo "2015"]
[BlackElo "1808"]
[PlyCount "59"]
[SourceDate "2017.09.01"]

1. e4 c5 2. c3 Nf6 3. e5 Nd5 4. d4 cxd4 5. Nf3 Nc6 6. cxd4 d6 7. Bc4 Nb6 8. Bb5
a6 9. Bxc6+ bxc6 10. O-O e6 11. Nc3 Be7 12. Bf4 O-O 13. Ne4 d5 14. Nc5 Nd7 15.
Qc2 Nxc5 16. dxc5 a5 17. Nd4 Qc7 18. Rfc1 Ba6 19. Qa4 Rfc8 20. a3 Qb7 21. Bd2
Bd8 22. b3 Bb5 23. Nxb5 cxb5 24. Qd4 Qc6 25. f4 f6 26. Be3 f5 27. g3 h5 28. h3
Ra7 29. Rc2 Rac7 30. Kh2 1/2-1/2

[Event "2017 Alberta Open"]
[Site "?"]
[Date "2017.10.08"]
[Round "4"]
[White "Kalisvaart, Peter"]
[Black "Koperski, Dustin"]
[Result "1-0"]
[WhiteElo "2061"]
[BlackElo "1886"]
[PlyCount "31"]
[SourceDate "2017.09.01"]

1. d4 Nf6 2. Bg5 Ne4 3. Bf4 c5 4. f3 Nf6 5. dxc5 Qa5+ 6. Qd2 Qxc5 7. e4 e5 8.
Be3 Qc7 9. Nc3 Bb4 10. Nge2 O-O 11. a3 Ba5 12. b4 Bb6 13. Bg5 Nc6 14. Bxf6 gxf6
15. Nd5 Qd8 16. Qh6 1-0

[Event "2017 Alberta Open"]
[Site "?"]
[Date "2017.10.08"]
[Round "4"]
[White "Windram, James"]
[Black "Offengenden, Ron"]
[Result "0-1"]
[WhiteElo "1692"]
[BlackElo "1634"]
[PlyCount "58"]
[SourceDate "2017.09.01"]

1. e4 e5 2. Nf3 Nc6 3. Bc4 Bc5 4. c3 Nf6 5. d3 h6 6. Bb3 d6 7. h3 Bb6 8. Nbd2
O-O 9. Nf1 Qe7 10. Ng3 Kh7 11. O-O Qd8 12. Qe2 Ne8 13. Nh2 Qh4 14. Qh5 Qxg3 15.
Bxf7 Bxh3 16. Bg6+ Qxg6 17. Qxh3 Nf6 18. Kh1 Qh5 19. Qe6 Rae8 20. Qh3 Qxh3 21.
gxh3 Nh5 22. Ng4 Ng3+ 23. fxg3 Rxf1+ 24. Kg2 Ref8 25. b3 Rg1+ 26. Kh2 Rff1 27.
Nf2 Bxf2 28. g4 Rxc1 29. Rxc1 Rxc1 0-1

[Event "2017 Alberta Open"]
[Site "?"]
[Date "2017.10.08"]
[Round "4"]
[White "Lau, Julian"]
[Black "Wei, Daniel"]
[Result "0-1"]
[WhiteElo "1536"]
[BlackElo "1799"]
[PlyCount "44"]
[SourceDate "2017.09.01"]

1. e4 c5 2. Nf3 Nc6 3. d4 cxd4 4. Nxd4 g6 5. Nc3 Bg7 6. Be3 Nf6 7. f3 O-O 8.
Qd2 d5 9. Nxc6 bxc6 10. O-O-O Rb8 11. g4 Qa5 12. e5 Qb4 13. b3 Nd7 14. f4 Qa3+
15. Kb1 Nb6 16. Bxb6 Rxb6 17. g5 a5 18. h4 Bf5 19. h5 Rfb8 20. Qc1 Rxb3+ 21.
Ka1 Rb2 22. Qb1 Qxc3 0-1

[Event "2017 Alberta Open"]
[Site "?"]
[Date "2017.10.08"]
[Round "4"]
[White "Kadavil, Suresh"]
[Black "Srinivasan, Hemant"]
[Result "0-1"]
[WhiteElo "1604"]
[BlackElo "1085"]
[PlyCount "60"]
[SourceDate "2017.09.01"]

1. a4 d5 2. Nf3 Nc6 3. d3 e5 4. g3 Nf6 5. Bg2 Bf5 6. O-O Bc5 7. Nh4 Be6 8. Bg5
h6 9. Bd2 e4 10. dxe4 dxe4 11. Nc3 g5 12. Nf3 exf3 13. exf3 Qd7 14. Re1 O-O-O
15. b4 Qxd2 16. Qxd2 Rxd2 17. bxc5 Rxc2 18. Nb5 a6 19. Na3 Ra2 20. Rxa2 Bxa2
21. Nc2 Bb3 22. Ne3 Re8 23. Ra1 Nd4 24. a5 Nc2 25. Nxc2 Bxc2 26. Bf1 Bb3 27. c6
Bd5 28. cxb7+ Bxb7 29. Bh3+ Kb8 30. Kg2 g4 0-1

[Event "2017 Alberta Open"]
[Site "?"]
[Date "2017.10.08"]
[Round "4"]
[White "Gardner, Rob"]
[Black "Daniluk, Jim"]
[Result "0-1"]
[WhiteElo "2271"]
[BlackElo "1950"]
[PlyCount "110"]
[SourceDate "2017.09.01"]

1. b3 d5 2. Bb2 Nf6 3. e3 Nbd7 4. f4 e6 5. Nf3 Bc5 6. d4 Bb4+ 7. c3 Be7 8. Nbd2
Ng4 9. Qe2 f5 10. O-O-O a5 11. h3 Ngf6 12. Ne5 a4 13. g4 axb3 14. axb3 g6 15.
g5 Nh5 16. Qf2 Nxe5 17. dxe5 c6 18. Be2 Qb6 19. Bxh5 gxh5 20. Qe2 Rf8 21. Kc2
Bc5 22. Rhe1 Rf7 23. b4 Bf8 24. Ra1 Rb8 25. Qxh5 c5 26. bxc5 Bxc5 27. Ba3 Bd7
28. Bxc5 Qxc5 29. Nb3 Qc4 30. Qe2 Qc7 31. Kb2 Qb6 32. Qd3 Rc8 33. Qd4 Qc7 34.
Qb4 Rg7 35. Nd4 Kf7 36. Ra7 Rb8 37. Rea1 h6 38. h4 hxg5 39. hxg5 Rh7 40. Rg1
Rh2+ 41. Nc2 d4 42. exd4 Bc6 43. Qc5 Qd7 44. Kb3 Bd5+ 45. Kb2 Rc8 46. Qb6 Kg6
47. Qa5 Be4 48. Rc1 Rf2 49. Qb4 Rh8 50. Kb3 Qd5+ 51. c4 Rh3+ 52. Ka2 Qxd4 53.
Qa4 Bc6 54. Kb1 Qb6+ 55. Qb4 Rb3+ 0-1

[Event "2017 Alberta Open"]
[Site "?"]
[Date "2017.10.08"]
[Round "4"]
[White "Karmali, Hafiz"]
[Black "Ng, Gary"]
[Result "0-1"]
[WhiteElo "1985"]
[BlackElo "2386"]
[PlyCount "62"]
[SourceDate "2017.09.01"]

1. d4 Nf6 2. c4 e6 3. Nc3 Bb4 4. e3 O-O 5. Bd3 d5 6. Nf3 c5 7. O-O cxd4 8. exd4
dxc4 9. Bxc4 b6 10. Qb3 Bxc3 11. bxc3 Nc6 12. Qc2 h6 13. Bf4 Bb7 14. Rfe1 Rc8
15. Rad1 Na5 16. Be2 Nd5 17. Bd2 Nc4 18. Bxc4 Rxc4 19. Ne5 Rc7 20. Qb2 Ba6 21.
Qa3 Bc4 22. Nxc4 Rxc4 23. Rc1 Qc7 24. Re4 Rc8 25. g3 b5 26. Bf4 Nxf4 27. Rxf4
b4 28. Qb3 Rxc3 29. Rxc3 bxc3 30. Qc2 Qb7 31. Re4 Qxe4 0-1

[Event "2017 Alberta Open"]
[Site "?"]
[Date "2017.10.08"]
[Round "4"]
[White "MacDonald, Dean"]
[Black "Sharma, Vishruth"]
[Result "0-1"]
[WhiteElo "1461"]
[BlackElo "1680"]
[PlyCount "66"]
[SourceDate "2017.09.01"]

1. c4 Nf6 2. g3 c5 3. Bg2 d6 4. Nf3 g6 5. Nc3 Nc6 6. e3 Bg7 7. d4 cxd4 8. exd4
e6 9. O-O O-O 10. Bg5 Qb6 11. Qd2 Re8 12. Rfe1 Bd7 13. Nb5 Ne7 14. Qb4 d5 15.
Ne5 Nc6 16. Nxd7 Nxd7 17. Qd6 Nf6 18. Qf4 Nh5 19. Qc7 Bxd4 20. Qxb6 Bxb6 21. g4
Ng7 22. cxd5 Nb4 23. Rec1 exd5 24. Nc7 Bxc7 25. Rxc7 Ne6 26. Rxb7 Nc2 27. Rc1
Ncd4 28. Bxd5 Nxg5 29. Rcc7 Re1+ 30. Kg2 Nde6 31. Re7 Nf4+ 32. Kg3 Rxe7 33.
Kxf4 Rxb7 0-1